BSOP header

Design and disorder : (Record no. 29852)

MARC details
000 -LEADER
fixed length control field 00866nam a2200229 4500
008 - FIXED-LENGTH DATA ELEMENTS--GENERAL INFORMATION
fixed length control field 070813s2002 enka b 001 0 eng d
020 ## - INTERNATIONAL STANDARD BOOK NUMBER
International Standard Book Number 0567088685 :USD15.95/Mrs. Mary Yu
090 ## - LOCALLY ASSIGNED LC-TYPE CALL NUMBER (OCLC); LOCAL CALL NUMBER (OCLC)
Classification number (OCLC) (R) ; Classification number, CALL (RLIN) (NR) BL240.3
Local cutter number (OCLC) ; Book number/undivided call number, CALL (RLIN) D46g
245 00 - TITLE STATEMENT
Title Design and disorder :
Remainder of title perspectives from science and theology /
Statement of responsibility, etc editors, Niels Henrik Gregersen, Ulf Gèorman.
260 ## - PUBLICATION, DISTRIBUTION, ETC. (IMPRINT)
Place of publication, distribution, etc London ;
-- New York :
Name of publisher, distributor, etc T&T Clark,
Date of publication, distribution, etc c2002.
300 ## - PHYSICAL DESCRIPTION
Extent xv, 232 p. :
Other physical details ill. ;
Dimensions 22 cm.
490 1# - SERIES STATEMENT
Series statement Issues in science and theology
504 ## - BIBLIOGRAPHY, ETC. NOTE
Bibliography, etc Includes bibliographical references and index.
650 #4 - SUBJECT ADDED ENTRY--TOPICAL TERM
Topical term or geographic name as entry element Creationism.
650 #4 - SUBJECT ADDED ENTRY--TOPICAL TERM
Topical term or geographic name as entry element Religion and science.
951 ## - EQUIVALENCE OR CROSS-REFERENCE-GEOGRAPHIC NAME/AREA NAME [OBSOLETE] [CAN/MARC only]
General subdivision 00034995
700 1# - ADDED ENTRY--PERSONAL NAME
Personal name Gregersen, Niels Henrik,
Dates associated with a name 1956-
700 1# - ADDED ENTRY--PERSONAL NAME
Personal name Gèorman, Ulf,
Dates associated with a name 1943-
830 #0 - SERIES ADDED ENTRY--UNIFORM TITLE
Uniform title Issues in science and theology (London, England)
951 ## - EQUIVALENCE OR CROSS-REFERENCE-GEOGRAPHIC NAME/AREA NAME [OBSOLETE] [CAN/MARC only]
-- 30770
-- BL240.3/D46g
-- 070813152005312
-- 2000-12-21
-- GC
942 00 - ADDED ENTRY ELEMENTS (KOHA)
Koha issues (borrowed), all copies 1
Holdings
Withdrawn status Lost status Damaged status Not for loan Home library Current library Shelving location Date acquired Accession number Shelving control number Total Checkouts Full call number Barcode Date last seen Date last borrowed Price effective from Koha item type
        BSOP Library BSOP Library GC 12/21/2000 30770 127 1 BL240.3/D46g 00034995 02/13/2024 01/30/2024 02/23/2013 Books
BSOP

Biblical Seminary of the Philippines
  All rights Reserved
  © 2024

CONTACT INFORMATION

Biblical Seminary of the Philippines,
  77-B Karuhatan Road, Valenzuela City,
  PHILIPPINES 1441
  Phone: +632 8292-6795 / 8292-6798
  Fax : +632 8292-6675
  Email: library@bsop.edu.ph